[Event "WYCC 2018 O18"]
[Site "Halkidiki"]
[Date "2018.10.20"]
[Round "1"]
[White "Polyakov, Fedor"]
[Black "Agmanov, Zhandos"]
[Result "0-1"]
[WhiteElo "2036"]
[BlackElo "2354"]
[Annotator "NA"]
[PlyCount "90"]
[EventDate "2018.10.20"]
[EventType "swiss"]
[EventCountry "GRE"]
[SourceTitle "playchess.com"]
[Source "ChessBase"]
[SourceQuality "1"]
[TimeControl "40/5400+30:1800+30"]

1. d4 {[%emt 0:00:00]} Nf6 {[%emt 0:00:00]} 2. c4 {[%emt 0:01:24]} e6 {[%emt 0:00:00]} 3. a3 {[%emt 0:01:47]} d5 {[%emt 0:00:24]} 4. Nc3 {[%emt 0:00:31]} c5 {[%emt 0:00:18]} 5. e3 {[%emt 0:00:47]} cxd4 {[%emt 0:04:27]} 6. exd4 {[%emt 0:00:08]} Be7 {[%emt 0:00:15]} 7. Nf3 {[%emt 0:02:50]} O-O {[%emt 0:00:33]} 8. Bd3 {[%emt 0:00:48]} dxc4 {[%emt 0:07:33]} 9. Bxc4 {[%emt 0:00:50]} a6 {[%emt 0:00:04] D40: Damengambit (Verbesserte Tarrasch-Verteidigung)} 10. d5 $146 {[%emt 0:14:21]} ({Vorgänger:} 10. O-O b5 11. Bb3 Bb7 12. Re1 Nbd7 13. Bg5 Nb6 14. Ne5 Nbd5 15. Rc1 Rc8 16. Bxf6 Bxf6 17. Nxd5 Bxd5 18. Rxc8 Qxc8 19. Bxd5 exd5 {0-1 (43) Ehlvest,J (2536)-Izoria,Z (2599) chess.com INT 2018}) 10... b5 {[%emt 0:02:30]} 11. Ba2 {[%emt 0:02:43]} exd5 {[%emt 0:21:07]} 12. Nxd5 {[%emt 0:02:25]} Bb7 {[%emt 0:02:48]} 13. Nxe7+ {[%emt 0:01:18]} Qxe7+ {[%emt 0:02:58]} 14. Qe2 {[%emt 0:00:33]} Re8 {[%emt 0:02:19]} 15. Qxe7 {[%emt 0:03:02]} Rxe7+ {[%emt 0:00:42]} 16. Be3 {[%emt 0:02:37]} Nbd7 {[%emt 0:16:14]} 17. O-O {[%emt 0:03:35]} Bxf3 {[%emt 0:00:47]} 18. gxf3 {[%emt 0:00:01]} Ne5 {[%emt 0:00:12]} 19. Kg2 {[%emt 0:01:14]} Ng6 {[%emt 0:02:16]} 20. Bb1 {[%emt 0:15:57]} Nd5 {[%emt 0:12:26]} 21. Be4 {[%emt 0:04:09]} Nxe3+ {[%emt 0:01:34]} 22. fxe3 {[%emt 0:00:03]} Rae8 {[%emt 0:00:13]} 23. Kf2 {[%emt 0:05:01]} Ne5 {[%emt 0:00:52]} 24. h3 {[%emt 0:03:41]} Nc4 {[%emt 0:03:39]} 25. a4 {[%emt 0:06:01]} g6 $15 {[%emt 0:15:25]} 26. axb5 {[%emt 0:00:57]} axb5 {[%emt 0:00:00]} 27. Rfd1 {[%emt 0:03:19]} Nxb2 {[%emt 0:00:41]} 28. Rdb1 {[%emt 0:00:28]} Nc4 {[%emt 0:00:29]} 29. Bc6 {[%emt 0:07:39]} Rd8 {[%emt 0:02:07]} 30. e4 {[%emt 0:00:44]} Rd2+ {[%emt 0:00:40]} 31. Kg3 {[%emt 0:00:12]} Ne3 {[%emt 0:01:16]} 32. Bxb5 {[%emt 0:02:42]} Rg2+ {[%emt 0:00:13]} 33. Kf4 {[%emt 0:00:03]} Nc2 {[%emt 0:00:37]} 34. Ra6 {[%emt 0:07:08]} Kg7 {[%emt 0:00:37]} 35. e5 {[%emt 0:00:48]} Nd4 {[%emt 0:00:15]} 36. Bf1 {[%emt 0:01:02]} Rc2 {[%emt 0:00:26]} 37. Ke3 {[%emt 0:01:50]} Nf5+ {[%emt 0:00:35]} 38. Kf4 {[%emt 0:01:41]} Rd2 {[%emt 0:00:32]} 39. Ra4 {[%emt 0:00:49]} h6 {[%emt 0:00:40]} 40. Re4 {[%emt 0:00:00]} h5 {[%emt 0:00:00]} 41. Ba6 {[%emt 0:16:22]} Ra7 {[%emt 0:05:27]} 42. Bc4 {[%emt 0:02:59]} Rh2 {[%emt 0:01:20]} 43. Bf1 {[%emt 0:02:58]} Rf2 {[%emt 0:01:53]} 44. e6 {[%emt 0:01:59]} Kf6 {[%emt 0:00:51]} 45. h4 {[%emt 0:00:53]} Rh2 {[%emt 0:00:33] Ke5+ Kxe5} 0-1

[Event "WYCC 2018 O18"]
[Site "Halkidiki"]
[Date "2018.10.20"]
[Round "1"]
[White "Fortanelli Rios, Juan Manuel"]
[Black "Stijve, Theo"]
[Result "0-1"]
[WhiteElo "2015"]
[BlackElo "2345"]
[Annotator "NA"]
[PlyCount "56"]
[EventDate "2018.10.20"]
[EventType "swiss"]
[EventCountry "GRE"]
[SourceTitle "playchess.com"]
[Source "ChessBase"]
[SourceQuality "1"]
[TimeControl "40/5400+30:1800+30"]

1. e4 {[%emt 0:00:00]} c5 {[%emt 0:00:11]} 2. Nf3 {[%emt 0:00:00]} Nc6 {[%emt 0:00:07]} 3. Bb5 {[%emt 0:00:00]} g6 {[%emt 0:00:09]} 4. Bxc6 {[%emt 0:00:23]} dxc6 {[%emt 0:00:39]} 5. d3 {[%emt 0:00:17]} Bg7 {[%emt 0:00:15]} 6. h3 {[%emt 0:01:13]} Nh6 {[%emt 0:00:28] B31: Sicilian: 2...Nc6 3 Bb5 g6} (6... Nf6 7. Nc3 O-O 8. Be3 b6 9. Qd2 e5 10. Bh6 Qd6 11. Bxg7 Kxg7 12. a4 Ne8 13. Nh2 Nc7 14. Ng4 f6 15. f3 Ne6 16. h4 Nd4 17. h5 g5 {½-½ (54) Anand,V (2768)-Carlsen,M (2842) Saint Louis 2018}) 7. Nbd2 {[%emt 0:03:25]} e5 {[%emt 0:09:44]} 8. Nc4 {[%emt 0:07:49]} f6 {[%emt 0:00:27]} 9. Be3 {[%emt 0:00:13]} b6 {[%emt 0:07:11]} 10. a4 {[%emt 0:01:05]} Be6 {[%emt 0:06:44]} 11. Qd2 $146 {[%emt 0:17:58]} ({Predecessor:} 11. O-O O-O 12. a5 Bxc4 13. dxc4 Qc7 14. Ra3 Nf7 {½-½ (49) Garcia Martin,M (2166)-Martinez Lopez,C (1996) Barbera del Valles 2015}) 11... Nf7 {[%emt 0:00:46]} 12. O-O {[%emt 0:10:18]} O-O {[%emt 0:02:40]} 13. Rad1 {[%emt 0:12:58]} Qc7 {[%emt 0:09:27]} 14. Nh2 {[%emt 0:08:09]} f5 {[%emt 0:07:42]} 15. exf5 {[%emt 0:08:43]} gxf5 {[%emt 0:02:11]} 16. f4 {[%emt 0:03:55]} e4 {[%emt 0:07:01]} 17. g4 {[%emt 0:12:35]} Rad8 {[%emt 0:07:31]} 18. b3 {[%emt 0:01:18]} Rfe8 {[%emt 0:04:22]} 19. Qf2 {[%emt 0:00:22]} exd3 {[%emt 0:08:04]} 20. cxd3 {[%emt 0:00:10]} b5 {[%emt 0:02:20]} 21. axb5 {[%emt 0:01:39]} cxb5 $19 {[%emt 0:00:32]} 22. Ne5 {[%emt 0:02:03]} Bxb3 {[%emt 0:06:49]} 23. Rb1 {[%emt 0:01:27]} Nxe5 {[%emt 0:01:40]} 24. fxe5 {[%emt 0:00:29]} Rxd3 {[%emt 0:01:28]} 25. Nf3 {[%emt 0:03:19]} Bxe5 {[%emt 0:03:09]} 26. Nxe5 {[%emt 0:02:23]} Qxe5 {[%emt 0:00:24]} 27. Bxc5 {[%emt 0:00:14]} Rg3+ {[%emt 0:00:36]} 28. Kh2 {[%emt 0:00:41]} Rxg4+ 0-1

[Event "WYCC 2018 O18"]
[Site "Halkidiki"]
[Date "2018.10.20"]
[Round "1"]
[White "Talmaci, Alexandru"]
[Black "Tran, Minh Thang"]
[Result "0-1"]
[WhiteElo "2009"]
[BlackElo "2341"]
[Annotator "NA"]
[PlyCount "106"]
[EventDate "2018.10.20"]
[EventType "swiss"]
[EventCountry "GRE"]
[SourceTitle "playchess.com"]
[Source "ChessBase"]
[SourceQuality "1"]
[TimeControl "40/5400+30:1800+30"]

1. d4 {[%emt 0:00:00]} Nf6 {[%emt 0:00:11]} 2. c4 {[%emt 0:00:00]} b6 {[%emt 0:00:36]} 3. Nf3 {[%emt 0:03:25]} e6 {[%emt 0:01:10]} 4. g3 {[%emt 0:02:17]} Bb7 {[%emt 0:00:55]} 5. Bg2 {[%emt 0:00:23]} Be7 {[%emt 0:00:14]} 6. O-O {[%emt 0:02:15]} O-O {[%emt 0:00:13]} 7. Nc3 {[%emt 0:02:08]} Ne4 {[%emt 0:01:07]} 8. Qc2 {[%emt 0:05:54]} Nxc3 {[%emt 0:01:08]} 9. Qxc3 {[%emt 0:00:16]} Be4 {[%emt 0:05:35]} 10. Ne5 {[%emt 0:15:45] E19: Queen's Indian: Old Main Line with 7...Ne4 8 Qc2 Nxc3 8 Qxc3} (10. Rd1 d6 11. Qe3 d5 12. Ne5 Bxg2 13. Kxg2 c6 14. cxd5 cxd5 15. Bd2 Qd6 16. Rac1 f6 17. Nf3 Nc6 18. Rc2 Rac8 19. Rdc1 Rc7 20. Bb4 {1-0 (20) Radjabov,T (2696)-Indjic,A (2573) Novi Sad 2016}) 10... Bxg2 {[%emt 0:01:44]} 11. Kxg2 {[%emt 0:00:08]} Bf6 {[%emt 0:12:59]} 12. Ng4 {[%emt 0:12:40]} Be7 {[%emt 0:00:54]} 13. Ne5 {[%emt 0:03:30]} Na6 {[%emt 0:09:32]} 14. Rd1 $146 {[%emt 0:03:50]} ({Predecessor:} 14. e4 c5 15. d5 exd5 16. cxd5 Bf6 17. Qc4 b5 18. Qxb5 Nc7 19. Qxc5 d6 20. Nxf7 Rxf7 {0-1 (25) Lindh,B-Nordstrom,E Sweden 1975}) 14... f6 {[%emt 0:13:02]} 15. Nd3 {[%emt 0:03:47]} f5 {[%emt 0:09:55]} 16. b4 {[%emt 0:14:05]} Bf6 {[%emt 0:01:19]} 17. Bb2 {[%emt 0:00:51]} c6 {[%emt 0:07:20]} 18. f3 {[%emt 0:07:17]} Qe8 {[%emt 0:07:51]} 19. Qb3 {[%emt 0:02:37]} Nc7 {[%emt 0:01:14]} 20. a4 {[%emt 0:02:19]} a6 {[%emt 0:04:56]} 21. Re1 {[%emt 0:03:40]} Qf7 {[%emt 0:01:37]} 22. e4 {[%emt 0:02:52]} b5 {[%emt 0:02:49]} 23. e5 {[%emt 0:02:44]} bxc4 {[%emt 0:02:32]} 24. Qxc4 {[%emt 0:00:07]} Be7 {[%emt 0:00:13]} 25. Bc1 {[%emt 0:01:29]} Nd5 {[%emt 0:03:05]} 26. Bd2 {[%emt 0:01:08]} g5 {[%emt 0:02:19]} 27. Nf2 {[%emt 0:03:19]} h5 {[%emt 0:05:50]} 28. Rab1 {[%emt 0:03:02]} g4 {[%emt 0:01:20]} 29. f4 {[%emt 0:00:37]} h4 {[%emt 0:00:07]} 30. Nd3 {[%emt 0:00:58]} Kg7 {[%emt 0:00:54]} 31. Nc5 {[%emt 0:01:17]} Rh8 {[%emt 0:01:35]} 32. Rh1 {[%emt 0:00:41]} Bxc5 {[%emt 0:00:34]} 33. bxc5 {[%emt 0:00:05]} Rab8 {[%emt 0:00:14]} 34. Rxb8 {[%emt 0:00:48]} Rxb8 {[%emt 0:00:02]} 35. Qxa6 {[%emt 0:00:33]} Rb2 {[%emt 0:01:30]} 36. Qd3 {[%emt 0:00:25]} Qe8 {[%emt 0:00:02]} 37. a5 {[%emt 0:00:40]} Qb8 {[%emt 0:00:54]} 38. Rd1 {[%emt 0:00:27]} Qb4 {[%emt 0:00:43]} 39. Kg1 {[%emt 0:00:25]} Qa4 {[%emt 0:00:01]} 40. Be1 {[%emt 0:00:00]} h3 {[%emt 0:00:00]} 41. Rd2 {[%emt 0:10:23]} Rb3 {[%emt 0:07:43]} 42. Qc2 {[%emt 0:06:13]} Qb5 {[%emt 0:01:56]} 43. Re2 {[%emt 0:04:49]} Ne3 $19 {[%emt 0:09:31]} 44. Qa2 {[%emt 0:03:39]} Ng2 {[%emt 0:01:10]} 45. a6 {[%emt 0:02:31]} Ra3 {[%emt 0:01:21]} 46. Qd2 {[%emt 0:03:16]} Qxa6 {[%emt 0:00:31]} 47. Kf2 {[%emt 0:00:26]} Rd3 {[%emt 0:00:45]} 48. Qb2 {[%emt 0:00:44]} Rf3+ {[%emt 0:01:36]} 49. Kg1 {[%emt 0:00:05]} Qd3 {[%emt 0:00:49]} 50. Qd2 {[%emt 0:02:33]} Qb1 {[%emt 0:00:49]} 51. Qa5 {[%emt 0:01:12]} Ne3 {[%emt 0:00:25]} 52. Rf2 {[%emt 0:00:24]} Qd3 {[%emt 0:00:40]} 53. Qd8 {[%emt 0:00:56]} Qf1+ {[%emt 0:00:13]} 0-1

[Event "WYCC 2018 O18"]
[Site "Halkidiki"]
[Date "2018.10.20"]
[Round "1"]
[White "Pobor, Danilo"]
[Black "Varacalli, Francisco"]
[Result "0-1"]
[WhiteElo "1934"]
[BlackElo "2334"]
[Annotator "NA"]
[PlyCount "100"]
[EventDate "2018.10.20"]
[EventType "swiss"]
[EventCountry "GRE"]
[SourceTitle "playchess.com"]
[Source "ChessBase"]
[SourceQuality "1"]
[TimeControl "40/5400+30:1800+30"]

1. d4 {[%emt 0:00:00]} Nf6 {[%emt 0:00:00]} 2. Nf3 {[%emt 0:00:00]} g6 {[%emt 0:00:49]} 3. c4 {[%emt 0:00:04]} Bg7 {[%emt 0:01:01]} 4. Nc3 {[%emt 0:00:10]} d6 {[%emt 0:02:21]} 5. e4 {[%emt 0:00:22]} O-O {[%emt 0:00:13]} 6. Be2 {[%emt 0:00:08]} Na6 {[%emt 0:00:22]} 7. Be3 {[%emt 0:02:11]} e5 {[%emt 0:05:43]} 8. d5 {[%emt 0:02:33]} Ng4 {[%emt 0:03:54]} 9. Bg5 {[%emt 0:03:45]} f6 {[%emt 0:02:00]} 10. Bh4 {[%emt 0:00:02]} h5 {[%emt 0:02:53] E92: King's Indian: Classical: 6 Be2 e5: 7 dxe5, 7 Be3 and Petrosian System without 7...Nbd7} 11. Nd2 {[%emt 0:05:11]} (11. h3 Nh6 12. Nd2 Nf7 13. f3 Bh6 14. Bf2 c6 15. a3 Bd7 16. Nb3 c5 17. Nc1 Kh8 18. Nd3 {1-0 (70) Fedoseev,V (2707)-Firouzja,A (2561) Abu Dhabi 2018}) 11... Nh6 {[%emt 0:01:55] LiveBook: 6 Games} 12. f3 {[%emt 0:07:08]} c5 {[%emt 0:04:32]} 13. a3 {[%emt 0:04:13]} Nf7 {[%emt 0:02:06]} 14. Bf2 $146 {[%emt 0:03:54]} ({Predecessor:} 14. Rb1 Bh6 15. Bf2 f5 16. b4 b6 17. h4 f4 18. Bd3 Rb8 {½-½ (18) Tisdall,J (2422)-Relange,E (2468) Plovdiv 2010}) 14... Bh6 {[%emt 0:04:09]} 15. b4 {[%emt 0:05:16]} Bxd2+ {[%emt 0:12:18]} 16. Qxd2 {[%emt 0:01:34]} b6 {[%emt 0:02:28]} 17. bxc5 {[%emt 0:06:49]} Nxc5 {[%emt 0:06:23]} 18. Bxc5 {[%emt 0:04:42]} dxc5 {[%emt 0:06:28]} ({Black should try} 18... bxc5 $11 19. O-O Bd7) 19. a4 {[%emt 0:08:31]} a5 {[%emt 0:01:54]} 20. O-O {[%emt 0:03:25]} Kg7 {[%emt 0:03:44]} 21. Nb5 $14 {[%emt 0:04:02]} Ba6 {[%emt 0:02:42]} 22. Rfb1 {[%emt 0:04:03]} Bxb5 {[%emt 0:03:24]} 23. Rxb5 {[%emt 0:00:40]} Nd6 {[%emt 0:01:16]} 24. Rb3 {[%emt 0:03:39]} Rb8 {[%emt 0:03:59]} 25. Qb2 {[%emt 0:03:56]} Rf7 {[%emt 0:01:12]} 26. Rb1 {[%emt 0:05:03]} Rfb7 {[%emt 0:01:03]} 27. Bd3 {[%emt 0:01:12]} Ne8 {[%emt 0:01:24]} 28. f4 {[%emt 0:03:31]} Qd6 {[%emt 0:05:25]} 29. fxe5 {[%emt 0:01:55]} fxe5 {[%emt 0:00:05]} 30. Rf1 {[%emt 0:00:36]} Nf6 {[%emt 0:01:17]} 31. Bb1 {[%emt 0:00:31]} Rf7 {[%emt 0:01:39]} 32. Rbf3 {[%emt 0:00:46]} Rbf8 {[%emt 0:00:14]} 33. Qf2 {[%emt 0:00:57]} Qe7 {[%emt 0:02:50]} 34. Qb2 {[%emt 0:00:40]} Ng4 {[%emt 0:01:27]} 35. Qxb6 {[%emt 0:04:36]} Rxf3 {[%emt 0:00:08]} 36. Rxf3 {[%emt 0:00:56]} Qg5 {[%emt 0:01:22]} 37. Qb7+ {[%emt 0:05:20]} Kh6 {[%emt 0:00:08]} 38. Qb2 {[%emt 0:02:29]} Rxf3 {[%emt 0:00:24]} 39. gxf3 {[%emt 0:00:01]} Ne3+ {[%emt 0:02:14]} 40. Kh1 {[%emt 0:00:00]} Nxc4 {[%emt 0:00:00]} 41. Qg2 {[%emt 0:02:57]} Qc1+ {[%emt 0:13:32]} 42. Qg1 {[%emt 0:00:02]} Qd2 {[%emt 0:00:23]} 43. Qg2 {[%emt 0:04:04]} Qd1+ {[%emt 0:00:27]} 44. Qg1 {[%emt 0:00:01]} Qxf3+ {[%emt 0:00:11]} 45. Qg2 {[%emt 0:00:07]} Qd1+ {[%emt 0:01:12]} 46. Qg1 {[%emt 0:00:01]} Qxg1+ {[%emt 0:00:32]} 47. Kxg1 {[%emt 0:00:02]} Kg5 {[%emt 0:00:15]} 48. Kf2 {[%emt 0:01:06]} Kf4 {[%emt 0:00:22]} 49. Bc2 {[%emt 0:07:43]} g5 {[%emt 0:00:45]} 50. Kg2 {[%emt 0:01:56]} Ne3+ {[%emt 0:00:57]} 0-1

[Event "WYCC 2018 O18"]
[Site "Halkidiki"]
[Date "2018.10.21"]
[Round "2"]
[White "Sarana, Alexey"]
[Black "Scallan, Fiachra"]
[Result "1-0"]
[WhiteElo "2641"]
[BlackElo "1896"]
[Annotator "TA"]
[PlyCount "89"]
[EventDate "2018.10.20"]
[EventType "swiss"]
[EventCountry "GRE"]
[SourceTitle "playchess.com"]
[Source "ChessBase"]
[SourceQuality "1"]

{[%evp 16,89,15,18,33,16,14,20,19,14,50,39,40,45,79,80,100,70,102,87,83,93,79,71,131,122,152,131,121,84,130,93,145,119,152,147,122,120,169,152,207,199,201,181,278,263,284,0,0,0,0,0,0,0,0,0,108,101,109,76,100,96,100,104,119,108,322,267,446,437,510,480,29996,29991,29991,29992]} 1. Nf3 d5 2. d4 Nf6 3. c4 e6 4. Nc3 a6 5. cxd5 exd5 6. Bg5 {D37: Queen's Gambit Declined: 5 Bf4} Be7 (6... Be6 7. e3 Nbd7 8. Bd3 Bd6 9. Bf4 Qe7 10. O-O O-O 11. h3 Rfe8 12. Qc2 {½-½ (12) Aronian,L (2805)-Carlsen,M (2837) Riadh 2017}) 7. e3 h6 8. Bh4 O-O 9. Bd3 {LiveBook: 4 Games} c6 10. Qc2 Be6 11. O-O Nbd7 12. h3 c5 13. dxc5 Nxc5 14. Rfd1 g5 $146 ({Predecessor:} 14... Nxd3 15. Qxd3 g5 16. Bg3 Qa5 17. Nd4 Kg7 18. Nf5+ Bxf5 19. Qxf5 Rac8 20. Be5 d4 {1-0 (20) Trtanj,T (2164)-Ascic,J (1973) Djakovo 2006}) 15. Bg3 Qb6 16. Be5 Nxd3 17. Qxd3 Rfd8 18. Bd4 Qd6 19. Ne5 b5 ({Black should play} 19... Bf8) 20. Ng6 $16 Rac8 21. Nxe7+ Qxe7 22. a3 Ne8 23. Ne2 Rc6 (23... Nd6 $142) 24. Ng3 Nf6 25. Bc3 Ne8 26. f4 gxf4 27. exf4 Rc4 (27... d4 $16) 28. Bd4 Qh4 {[#] Black wants to play ...Rxd4!} 29. Qe3 $1 {And now f5 would win.} Ng7 (29... Nf6 {was worth a try.} 30. f5 Bc8) 30. b3 $18 Rc2 31. Bxg7 $2 (31. Rac1 $18 Ra2 32. f5 Bxf5 33. Qe5 (33. Bxg7 Bxh3 34. Ne2 Bxg2 $14)) 31... Bxh3 $1 $11 32. gxh3 Qxh3 {[%csl Gc2][%cal Rh3g2] [#]} 33. Qf3 {Threatens to win with Be5.} Qh2+ 34. Kf1 Kxg7 35. Ne2 {Strongly threatening Rac1.} Re8 (35... Kh8 $1 $11 36. Rdc1 Rxe2 37. Qxe2 Qh1+ 38. Kf2 Qh4+ 39. Kf1 Qh1+ 40. Kf2 Qh4+ 41. Kf1 Qh1+) 36. Qg3+ $16 Qxg3 37. Nxg3 Rc3 38. Kf2 Rxb3 39. Rxd5 Rc8 40. Nf5+ Kf6 $2 (40... Kh7 $16) 41. Nd4 $18 ({Stronger than} 41. Nxh6 Rc2+ 42. Kg1 Rg3+ 43. Kf1 Rf3+ 44. Kg1 (44. Ke1 Rh3 $17) 44... Rg3+ 45. Kf1 Rf3+ 46. Kg1 (46. Ke1 Rh3 $17) 46... Rg3+ $11) 41... Rb2+ $2 (41... Rh3 42. Rd6+ Kg7 43. Rxa6 Rc4) 42. Kf3 Ke7 43. Rh1 Rh8 (43... Ra2 $18 44. Nf5+ Kf8 45. Rxh6 Rc3+ 46. Kg4 Rg2+ 47. Kh4 Rh2+ 48. Kg5 Rg2+ 49. Kf6 Rc6+ 50. Rd6 Rxd6+ 51. Nxd6 Rg8 52. Nxf7 Ke8) 44. Re1+ Kf8 45. Nf5 {Precision: White = 73%, Black = 31%.} 1-0

[Event "WYCC 2018 O18"]
[Site "Halkidiki"]
[Date "2018.10.21"]
[Round "2"]
[White "Abdusattorov, Nodirbek"]
[Black "Jimenez Ramallo, Francisco J"]
[Result "1-0"]
[WhiteElo "2558"]
[BlackElo "2073"]
[Annotator "TA"]
[PlyCount "39"]
[EventDate "2018.10.20"]
[EventType "swiss"]
[EventCountry "GRE"]
[SourceTitle "playchess.com"]
[Source "ChessBase"]
[SourceQuality "1"]

{[%evp 21,39,81,87,85,166,162,195,196,260,234,370,347,443,437,619,539,1256,1256,1214,1178]} 1. d4 e6 2. c4 d5 3. Nf3 c5 4. cxd5 exd5 5. Nc3 Nc6 6. dxc5 d4 7. Na4 Bxc5 {D32: Tarrasch Defence: Sidelines and lines without g3} 8. Nxc5 Qa5+ 9. Qd2 (9. Bd2 Qxc5 10. Rc1 Qe7 11. e3 Nf6 12. Be2 O-O 13. O-O Rd8 14. Nxd4 Nxd4 15. exd4 Rxd4 {½-½ (71) Jakovenko,D (2749)-Mamedov,R (2708) Ankara 2018}) 9... Qxc5 10. a3 Bg4 11. b4 Qd5 {LiveBook: 4 Games} 12. Bb2 {[%cal Rf3d4]} O-O-O {[#]} (12... Bxf3 $16 13. exf3 a6) 13. Nxd4 $146 {[%mdl 512] And now Qc1 would win.} ({Predecessor:} 13. Rc1 Bxf3 14. exf3 Qe6+ 15. Be2 {1-0 (29) Andersen,M (2504)-Kristensen,K (2341) Ballerup 2016}) 13... Nxd4 14. Rd1 Nf6 (14... Ne7 {was called for.}) 15. Bxd4 b6 (15... Be6 $142 16. Qc1+ (16. Bxa7 Qxd2+ 17. Rxd2 Rxd2 $16) 16... Qc4) 16. f3 Be6 17. e4 {White is clearly winning.} Qb7 (17... Qd7 $142 18. Qg5 Kb7 19. Qxg7 Nxe4 20. fxe4 Rhg8) 18. Qf4 {Hoping for Rc1+.} Rd7 19. Rc1+ Rc7 {[#]} 20. Ba6 $1 {[%mdl 512]} 1-0

[Event "WYCC 2018 O18"]
[Site "Halkidiki"]
[Date "2018.10.21"]
[Round "2"]
[White "Moroni, Luca Jr"]
[Black "Miciano, John Marvin"]
[Result "1-0"]
[WhiteElo "2554"]
[BlackElo "2361"]
[Annotator "TA"]
[PlyCount "99"]
[EventDate "2018.10.20"]
[EventType "swiss"]
[EventCountry "GRE"]
[SourceTitle "playchess.com"]
[Source "ChessBase"]
[SourceQuality "1"]

{[%evp 18,99,12,14,22,16,27,-4,54,21,28,17,8,9,23,27,24,12,64,57,62,66,94,81,91,85,96,112,175,175,175,175,175,175,175,175,175,175,175,175,175,175,181,181,181,181,195,181,197,189,189,189,250,258,297,294,366,368,443,404,400,395,601,585,705,665,687,670,709,707,685,682,624,576,1002,977,1467,1372,1675,1295,1427,1347,29979,5691]} 1. d4 g6 2. Nf3 Bg7 3. g3 Nf6 4. Bg2 O-O 5. O-O c6 6. b3 d6 7. Bb2 Qa5 8. Qd2 {A49: 1 d4 Nf6 2 Nf3 g6 3 g3: Anti-King's Indian systems} (8. Nbd2 Qh5 9. e4 Bg4 10. Re1 Nbd7 11. Qe2 e5 12. Qf1 exd4 13. h3 Bxf3 14. Nxf3 c5 15. g4 Nxg4 16. hxg4 Qxg4 17. Nh2 Qh4 {½-½ (93) Dreev,A (2653)-Naroditsky,D (2619) chess.com INT 2018}) 8... Qh5 9. Qg5 Qxg5 10. Nxg5 {LiveBook: 11 Games. The position is equal.} h6 11. Nf3 Ne4 12. c4 g5 $146 (12... c5 $11) ({Predecessor:} 12... Nd7 13. Nbd2 Ndf6 14. Rad1 Bg4 15. h3 Bd7 {½-½ (15) Laylo,D (2476)-Nouri,H (2418) Phu Quoc 2007}) 13. Rd1 (13. Ne1 {looks sharper.} Bf5 14. Nd3 g4 15. Na3 Ng5 16. Rad1) 13... f5 14. Nbd2 (14. Ne1 {feels hotter.} Be6 15. e3 Nd7 16. f3 Nef6 17. Nc3) 14... Nxd2 15. Rxd2 Nd7 16. h4 $36 {[%mdl 2048] White is pushing.} g4 17. Ne1 {[%cal Bf3e1,Be1d3,Bd3f4,Bf4e6][%mdl 32]} f4 ({Black should try} 17... Nf6 $11) 18. Nd3 $14 fxg3 19. fxg3 Nf6 20. Nf4 Bf5 {[#]} 21. d5 $1 c5 22. Re1 Nd7 {[#]} (22... Ne8 $16 {keeps fighting.} 23. e4 Bxb2 24. Rxb2 Bh7) 23. Bxg7 $1 $18 Kxg7 24. e4 Bg6 25. Ne6+ Kg8 26. Nxf8 Kxf8 27. Kf2 Ne5 28. Ke3 Kg7 29. Rf2 a5 30. Bf1 Be8 31. Rb1 Bd7 32. a3 b6 33. Be2 h5 34. Rff1 Ra7 (34... Be8 {is a better defense.} 35. Rf5 Bg6) 35. Ra1 Bc8 36. b4 cxb4 37. axb4 Rc7 38. Kd4 axb4 39. Rfb1 b5 (39... Nf3+ $142 40. Ke3 Ne5 41. Rxb4 Kf6) 40. cxb5 Rc2 41. Rc1 Rxe2 42. Rxc8 {[%mdl 4096] Endgame KRR-KRN} b3 43. Rb1 Rd2+ 44. Ke3 Rd3+ 45. Ke2 Rxg3 {intending ...b2.} 46. b6 {[%cal Bb5b6,Bb6b7][%mdl 32]} Rh3 47. b7 Rh2+ 48. Ke3 Rh3+ 49. Kd2 Rd3+ 50. Ke2 {Precision: White = 73%, Black = 26%.} 1-0